Catálogo
 En Linea

Historia de Haití / (Registro nro. 58827)

Detalles MARC
000 -CABECERA
campo de control de longitud fija 02154nam a2200337 i 4500
003 - IDENTIFICADOR DEL NÚMERO DE CONTROL
campo de control DO-SdBNP
005 - FECHA Y HORA DE LA ÚLTIMA TRANSACCIÓN
campo de control 20250606113014.0
007 - CAMPO FIJO DE DESCRIPCIÓN FÍSICA--INFORMACIÓN GENERAL
campo de control de longitud fija ta
008 - DATOS DE LONGITUD FIJA--INFORMACIÓN GENERAL
campo de control de longitud fija 250604b2024 dr ||||| |||| 00| 0 spa d
020 ## - NÚMERO INTERNACIONAL ESTÁNDAR DEL LIBRO
Número Internacional Estándar del Libro 9789945250930
040 ## - FUENTE DE LA CATALOGACIÓN
Centro catalogador/agencia de origen DO-SdBNP
Lengua de catalogación spa
Centro/agencia transcriptor BNPHU
Normas de descripción rda
041 ## - CÓDIGO DE LENGUA
Código de lengua del texto/banda sonora o título independiente spa
082 #4 - NÚMERO DE LA CLASIFICACIÓN DECIMAL DEWEY
Número de clasificación xxx
Número de documento/Ítem M182h
Número de edición 22
100 1# - ENTRADA PRINCIPAL--NOMBRE DE PERSONA
Nombre de persona Madiou, Thomas
Fechas asociadas al nombre 1814-
Término indicativo de función/relación autor
Código de función/relación aut.
9 (RLIN) 87979
245 10 - MENCIÓN DE TÍTULO
Título Historia de Haití /
Mención de responsabilidad, etc. Thomas Madiou ; traducción por María Victoria Flórez Estrada Ponce de León ; cuidado de la edición por Aymara Vera Riverón y Kary Alba Rocha Arias ; diagramación y portada por Yahaira Fernández Vásquez
250 ## - MENCIÓN DE EDICIÓN
Mención de edición Primera edición
264 #4 - PRODUCCIÓN, PUBLICACIÓN, DISTRIBUCIÓN, FABRICACIÓN Y COPYRIGHT
Producción, publicación, distribución, fabricación y copyright Santo Domingo, República Dominicana :
Nombre del de productor, editor, distribuidor, fabricante Archivo General de la Nación,
-- Sociedad Dominicana de Bibliófilos,
Fecha de producción, publicación, distribución, fabricación o copyright ©2024.
300 ## - DESCRIPCIÓN FÍSICA
Extensión 673 páginas :
Otras características físicas ilustraciones, fotografías ;
Dimensiones 26 cm.
336 ## - TIPO DE CONTENIDO
Término de tipo de contenido texto
Código de tipo de contenido txt
Fuente rdacontent
337 ## - TIPO DE MEDIO
Nombre/término del tipo de medio sin mediación
Código del tipo de medio n
Fuente rdamedia
338 ## - TIPO DE SOPORTE
Nombre/término del tipo de soporte volumen
Código del tipo de soporte nc
Fuente rdacarrier
500 ## - NOTA GENERAL
Nota general Tomo VI, 1821-1826 (selección).Tomo VIII, 1843,1846 /
505 ## - NOTA DE CONTENIDO CON FORMATO
Nota de contenido con formato Prólogo, Frank Moya Pons 11 -- Tomo VI : 1821-1826 (Selección) -- Libro octogésimo (1821) 19 -- Libro octogésimo primero (1822) 83 -- Libro octogésimo segundo (1822) 125 -- Libro octogésimo tercero (1823) 157 -- Libro octogésimo cuarto (1824) 193 -- Libro octogésimo quinto (1825) 231 -- Libro octogésimo sexto (1826) 285 -- TOMO VIII : 1843-1846 -- Libro nonagésimo noveno (1843) 337 -- Libro centésimo (1844) 403 -- Libro centésimo primero (1845) 473 -- Libro centésimo segundo (1845) 507 -- Libro centésimo tercero (1845) 541 -- Libro centésimo cuarto (1845) 573 -- Libro centésimo quinto (1845) 587 -- Libro centésimo sexto (1845) 605 -- Libro centésimo séptimo (1845-1846) 627 -- Libro centésimo octavo (1846) 639
590 ## - NOTA LOCAL (RLIN)
Nota local Inventariado, 2025 /LP
700 1# - PUNTO DE ACCESO ADICIONAL--NOMBRE DE PERSONA
Nombre de persona Flórez Estrada Ponce de León, María Victoria
Término indicativo de función/relación traductor
Código de función/relación tr.
9 (RLIN) 88002
700 1# - PUNTO DE ACCESO ADICIONAL--NOMBRE DE PERSONA
Nombre de persona Vera Riverón, Aymara
Término indicativo de función/relación editor
Código de función/relación ed.
9 (RLIN) 88003
700 1# - PUNTO DE ACCESO ADICIONAL--NOMBRE DE PERSONA
Nombre de persona Rocha Arias, Kary Alba
Término indicativo de función/relación editor
Código de función/relación ed.
9 (RLIN) 81514
700 1# - PUNTO DE ACCESO ADICIONAL--NOMBRE DE PERSONA
Nombre de persona Fernández Vásquez, Yahaira
Término indicativo de función/relación diagrador
Código de función/relación di
9 (RLIN) 85391
910 ## - DATOS DE OPCIÓN DEL USUARIO (OCLC)
Datos de opción del usuario LP
942 ## - ELEMENTOS DE PUNTO DE ACCESO ADICIONAL (KOHA)
Fuente del sistema de clasificación o colocación Dewey Decimal Classification
Tipo de ítem Koha Libro
Existencias
Estado de retiro Estado de pérdida Fuente del sistema de clasificación o colocación Restricciones de uso No para préstamo Código de colección Localización permanente Ubicación/localización actual Ubicación en estantería Fecha de adquisición Fuente de adquisición Total de préstamos Signatura topográfica completa Código de barras Fecha visto por última vez Precio válido a partir de Tipo de ítem Koha Número de copia
    Dewey Decimal Classification Excluido de préstamo   Patrimonio Dominicano Biblioteca Nacional Pedro Henríquez Ureña Biblioteca Nacional Pedro Henríquez Ureña Depósito 27.03.2025 Depósito Legal   xxx M182h 2025-3724 28.04.2025 28.04.2025 Libro  
    Dewey Decimal Classification Excluido de préstamo   Patrimonio Dominicano Biblioteca Nacional Pedro Henríquez Ureña Biblioteca Nacional Pedro Henríquez Ureña Depósito 27.03.2025 Depósito Legal   xxx M182h 2025-3725 28.04.2025 28.04.2025 Libro e.2
    Dewey Decimal Classification Préstamo en sala   Dominicana de Servicio Biblioteca Nacional Pedro Henríquez Ureña Biblioteca Nacional Pedro Henríquez Ureña Depósito 27.03.2025 Depósito Legal   xxx M182h 2025-3726 28.04.2025 28.04.2025 Libro e.3

Con tecnología Koha